Normal view
MARC view
Entry Personal Name
001 - CONTROL NUMBER
- control field: 74207
003 - CONTROL NUMBER IDENTIFIER
- control field: OSt
005 - DATE AND TIME OF LATEST TRANSACTION
- control field: 20190407133502.0
008 - FIXED-LENGTH DATA ELEMENTS
- fixed length control field: 190407|| aca||aabn | a|a d
040 ## - CATALOGING SOURCE
- Original cataloging agency: OSt
- Transcribing agency: OSt
100 ## - HEADING--PERSONAL NAME
- Personal name: संपा शची मिश्र
670 ## - SOURCE DATA FOUND
- Source citation: Work cat.: (OSt): संपा शची मिश्र , गितियन खनके अँगनवॉं (पूर्वी उत्तर प्रदेश संस्कार गीत) , 2015









